000
00327 a2200121 4500
999
_c
10719
_d
10719
008
220610b ||||| |||| 00| 0 eng d
020
_a
9788195420605
082
_a
720.92
_b
THI
245
_a
Mahesh Architecture Since 1973
260
_b
College of Architecture Trivandrum
_c
2021
700
_a
Editor: Thirukode NP
942
_2
ddc